LEADER 01020nam0 22002651i 450 001 UON00207199 005 20231205103319.35 100 $a20030730d1975 |0itac50 ba 101 $aita 102 $aIT 105 $a|||| ||||| 200 1 $aErasmo$fJohann Huizinga 210 $aTorino$cEinaudi$d1975 215 $a300 p.$d20 cm. 316 $aValore stimato$5IT-UONSI Francese40 REPHUI 606 $aERASMO DA ROTTERDAM$3UONC050345$2FI 620 $aIT$dTorino$3UONL000014 700 1$aHuizinga$bJohan$3UONV124122$0292479 712 $aEinaudi$3UONV246211$4650 801 $aIT$bSOL$c20250613$gRICA 912 $aUON00207199 950 $aSIBA - SISTEMA BIBLIOTECARIO DI ATENEO$dSI 40 REP HUI $eSI LO 14897 7 Valore stimato$sBuono 950 $aSIBA - SISTEMA BIBLIOTECARIO DI ATENEO$dSI EUR C B 0125 $eSI SC 2124 5 0125 996 $aErasmus$938514 997 $aUNIOR